Einführung in die internationale Politik Studienbuch
Salvato in:
| Altri autori: | |
|---|---|
| Natura: | Libro |
| Lingua: | tedesco |
| Pubblicazione: |
München
Oldenbourg Verlag
2012
|
| Edizione: | 5. vollst. überarb. Aufl. |
| Soggetti: | |
| Tags: |
Nessun Tag, puoi essere il primo ad aggiungerne!!
|
MARC
| LEADER | 00000nam a2200000 4500 | ||
|---|---|---|---|
| 001 | 0194695 | ||
| 005 | 20230109114506.9 | ||
| 020 | |a 978-3-486-59117-0 | ||
| 041 | 0 | |a ger | |
| 044 | |a DE | ||
| 245 | 1 | 0 | |a Einführung in die internationale Politik |b Studienbuch |c herausgegeben von: Michael Staack |
| 250 | |a 5. vollst. überarb. Aufl. | ||
| 264 | 1 | |a München |b Oldenbourg Verlag |c 2012 | |
| 300 | |a 813 s. | ||
| 610 | 2 | 0 | |a politika medzinárodná |
| 610 | 2 | 0 | |a vzťahy medzinárodné |
| 610 | 2 | 0 | |a konflikty medzinárodné |
| 610 | 2 | 0 | |a hospodárstvo svetové |
| 610 | 2 | 0 | |a zbrojenie |
| 610 | 2 | 0 | |a opatrenia |
| 610 | 2 | 0 | |a kontrola |
| 700 | 1 | |a Staack, Michael | |